Historia de la Arquitectura Moderna / (Record no. 31540)

MARC details
000 -LEADER
campo de control de longitud fija 00608nam a2200181 i 4500
001 - NÚMERO DE CONTROL
campo de control 31540
003 - IDENTIFICADOR DE NÚMERO DE CONTROL
campo de control ES-MaACL
005 - FECHA Y HORA DE LA ÚLTIMA TRANSACCIÓN
campo de control 20230906154411.0
007 - CAMPO FIJO DE DESCRIPCIÓN FÍSICA--INFORMACIÓN GENERAL
campo de control de longitud fija t|
008 - DATOS DE LONGITUD FIJA--INFORMACIÓN GENERAL
campo de control de longitud fija 030129s1963 sp ||||1| spa d
100 1# - ENTRADA PRINCIPAL--NOMBRE DE PERSONA
Nombre de persona Benevolo, Leonardo.
9 (RLIN) 27554
245 10 - MENCIÓN DEL TÍTULO
Título Historia de la Arquitectura Moderna /
Mención de responsabilidad, etc. Leonardo Benevolo ; [versión española de María Castaldi y Jesús Fernández Santos].
260 ## - PUBLICACIÓN, DISTRIBUCIÓN, ETC.
Lugar de publicación, distribución, etc. Madrid :
Nombre del editor, distribuidor, etc. Taurus,
Fecha de publicación, distribución, etc. 1963.
300 ## - DESCRIPCIÓN FÍSICA
Extensión 2 v., 87 lám. :
Otras características físicas il. ;
Dimensiones 25 cm.
700 1# - ENTRADA AGREGADA--NOMBRE PERSONAL
Nombre de persona Castaldi, María.
9 (RLIN) 36383
700 1# - ENTRADA AGREGADA--NOMBRE PERSONAL
Nombre de persona Fernández Santos, Jesús.
9 (RLIN) 50079
852 ## - LOCALIZACIÓN
Ubicación ES-MaACL
Número de control de estantería C-25240-1
Sublocalización o colección R.54157
Holdings
Estatus retirado Estado de pérdida Estado de daño No para préstamo Biblioteca de origen Biblioteca actual Ubicación en estantería Fecha de adquisición Fuente de adquisición Total de préstamos Signatura topográfica completa Código de barras Visto por última vez Precio de reemplazo Tipo de ítem Koha
        Biblioteca del Ateneo de Madrid Biblioteca del Ateneo de Madrid Depósito 2 17/01/2008     C-25240-1 1032594 23/02/2023 23/02/2023 Libro impreso